Statystyki dla Milionerzy

Kliknij tutaj aby rozwiązać quiz!

Ogólne statystyki

  • Ten quiz został rozwiązany 2 126 razy
  • Średni wynik to 6 z 12

Statystyki odpowiedzi

ZagadnienieOdpowiedź% Poprawnych
Co w piosence przedszkolaków, jedzie z daleka, ani chwili nie czeka?Pociąg
98%
Mokasyny zakładamy na?Stopy
87%
Rokiem przystępnym nie jest?2002
70%
Które z warzyw występuje w odmianach naciowej i korzeniowej?Seler
68%
Kto jest mistrzem tego samego oręża, w jakim specjalizowała się mitologiczna Artemida?Legolas
57%
Jak nazywa się mitologiczny wąż pożerający własny ogon?Uroboros
57%
Który ssak się nie spoci?Królik
48%
Lew zabity przez Ramona Mercadera toTrocki
39%
Likier maraskino produkuje się z maraski, czyli odmiany:Wiśni
35%
Który utwór Juliusza Słowackiego napisany jest prozą?„Anhelli”
24%
Kto pierwszy zaczął kolonizację Sumatry?Portugalia
19%
Jak w krajach germańskich mówi się na świętego Mikołaja?Dziadek Zima
12%

Rozkład punktacji

Percentyl według liczby udzielonych odpowiedzi

Procent ludzi z każdym wynikiem

Twoja historia wyników

Nie rozwiązałeś tego quizu